000 00361nam a2200133Ia 4500
008 220217s9999||||xx |||||||||||||| ||und||
020 _a0-13-020837-X
082 _a005.13 ROM
100 _aRomano, Frank, J
_93096
245 0 _aPDF printing and workflow
260 _aPrentice hall
_bNew Jersey
_c1999
300 _b1999
650 _aPROGRAMMING LANGUAGE
999 _c170821
_d170821